000
00275nam a2200109Ia 4500
008
220104s9999 xx 000 0 und d
245
4
_a
The utilization of para rubber seed. Pt 2.
520
_a
(only citataion)
650
_a
Rubber seed
650
_a
Utilization
942
_c
BE
999
_c
47562
_d
47562